Joueurs argentins ayant joué à l'OM - Statistiques

Statistiques générales
  • Ce quiz a été pris 35 fois
  • Le résultat moyen est 7 sur 25
Statistiques - réponses
Année d'arrivée Année de départ Club précédant Club suivant Nombre de match Joueurs % Correct
2020 En cours Borussia Dortmund En cours 198 Leonardo Balerdi
94%
2025 En cours RC Lens En cours 24 Facundo Medina
84%
2009 2011 Real Madrid AS Roma 77 Gabriel Heinze
78%
2024 En cours Ajax Amsterdam En cours 71 Gerónimo Rulli
78%
2009 2012 FC Porto FC Porto 124 Lucho González
78%
2015 2019 AS Monaco FC Séville 132 Lucas Ocampos
75%
2019 2022 CA Boca Juniors CA Boca Juniors 71 Darío Benedetto
63%
2023 2024 Inter Milan Inter Milan 19 Joaquín Correa
56%
2024 2025 Inter Milan Inter Milan 4 Valentín Carboni
47%
2005 2006 FC Bâle Herta BSC 33 Christian Giménez
13%
2001 2001 CA Newell's Old Boys AS Monaco 9 Lucas Bernardi
13%
2006 2009 CA Banfield CA San Lorenzo De Almagro 63 Renato Civelli
13%
2008 2008 CA Boca Juniors CA Boca Juniors 8 Juan Krupoviesa
9%
1999 2001 CA River Plate Celta de Vigo 20 Eduardo Berizzo
6%
2002 2003 CA San Lorenzo De Almagro CA River Plate 24 Eduardo Tuzzio
6%
1975 1977 Sporting CP CA Newell's Old Boys 56 Héctor Yazalde
6%
1974 1975 CA Chacarita Juniors Montpellier Hérault SC 9 Alfonso Troisi
3%
1980 1982 Sans club FC Martigues 25 Daniel Flores
3%
1999 2002 CA Huracán CA Independiante 9 Daniel Montenegro
3%
1991 1992 CA San Lorenzo de Almagro Atalanta Bergame 0 Leonardo Rodríguez
3%
1976 1977 CA River Plate CA River Plate 20 Norberto Alonso
3%
1965 1966 LOSC Lille AS Aix-en-Provence 33 Orlando Gauthier
3%
1999 2002 CA Huracán CD Leganés 1 Pablo Calandria
3%
1974 1977 LOSC Lille AS Monaco 97 Raul Nogues
3%
1950 1954 Genoa CFC América FC 36 Roberto Alarcon
3%
Aucun quiz correspondant
Distribution des résultats
% des personnes avec chaque résultat
Percentile par nombre de réponses
Votre historique - résultats
Vous n’avez pas pris ce quiz